| 000 | 00496cam a22002054a 4500 | ||
|---|---|---|---|
| 005 | 20250605164306.0 | ||
| 008 | 250528s ||||||||||||||||||||||||d | ||
| 035 | _a22247 | ||
| 020 | _a9781118319222 | ||
| 040 |
_aGR-AtMCL _bgre _dGR-AtMCL _eAACR2 |
||
| 245 | 1 | _aMATERIALS SCIENCE AND ENGINEERING | |
| 250 | _a9 | ||
| 260 |
_bWiley, _c2015 |
||
| 300 | _a905 | ||
| 700 | 1 |
_aCallister William D _98120 |
|
| 700 | 1 |
_aRethwisch David _98121 |
|
| 942 | _cBK | ||
| 999 |
_c7303 _d7303 |
||